| 000 | 00726nam a22002057a 4500 | ||
|---|---|---|---|
| 005 | 20250206120522.0 | ||
| 010 | _aENG-143693 | ||
| 020 |
_a9788184621068 _c195.00 |
||
| 035 | _aEN-127225 | ||
| 037 | _bDBAD | ||
| 082 | _a921 | ||
| 100 |
_aVarde, Mohini _977423 |
||
| 245 |
_aAt Home With the Birlas/ _cBy Mohini Varde |
||
| 260 |
_aMumbai _bVakils ,fiffer and Simons Pvt. Ltd. _c2015 |
||
| 270 |
_aIndustry Manor, Appasaheb Marathe Marg Prabhadevi, _bMumbai _e400025 _k0091-2224306780 _k0091-2224300609 _minfo@vakilspublications.com |
||
| 300 |
_axi, 119p. _bConclusion, Reference _c22cm(pbk) |
||
| 700 |
_a Varde Mohini _eAuthor _977415 |
||
| 700 |
_aGollamudi, Prabhu _977416 |
||
| 942 |
_2ddc _cEN _h921 _mVAR |
||
| 999 |
_c208945 _d208945 |
||